| 000 | 00787cam a2200205 4500 | ||
|---|---|---|---|
| 001 | WB3609-29 | ||
| 008 | 000000n2000 000 0 eng u | ||
| 035 | _a(Sirsi) u104500 | ||
| 245 | _aDominant retailers | ||
| 260 | _c2000 | ||
| 490 |
_aPlanning (for the Natural and Built Environment) _v(1357) 25 February 2000, 1(1) |
||
| 520 | _aGovernment's competition watchdog is considering allowing planning authorities to specify which retailers can be given permission on particular sites in an attempt to prevent the formation of local retail monopolies. | ||
| 590 | _aWB | ||
| 650 | _aPLANNING POLICY | ||
| 650 | _aMONOPOLIES | ||
| 650 | _aCOMPETITION COMMISSION | ||
| 650 | _aSUPERMARKETS | ||
| 690 | _aENVIRONMENTAL AND LAND CONSULTANCY-PLANNING AND DEVELOPMENT | ||
| 942 | _n0 | ||
| 999 |
_c62701 _d62701 |
||